000 00397nam a2200133Ia 4500
008 220216s9999 xx 000 0 und d
100 _aBond R
245 0 _aoptimized mixing process: Medium sized rubber component manufacturer
260 _bJournal of applied polymer science: Applied polymer symposia
_c1992
300 _a175-184
650 _aRubber mixing
700 _aTakada Y
942 _cJS
999 _c64438
_d64438